[Event "XXIV MEMORIAL J. KOCHANA"]
[Site "Koszalin"]
[Date "2013.08.15"]
[Round "7.6"]
[White "Dmochowska, Agnieszka"]
[Black "Kuciel, Wladyslaw"]
[Result "0-1"]
[WhiteElo "1823"]
[BlackElo "1978"]
[PlyCount "56"]
[EventDate "2013.??.??"]

1. e4 c5 2. c3 d5 3. exd5 Nf6 4. d4 Nxd5 5. Nf3 cxd4 6. cxd4 Nc6 7. Nc3 Bg4 8.
Be2 e6 9. O-O Bb4 10. Ne4 Bf5 11. Ng3 Bg6 12. h4 h6 13. Bb5 O-O 14. h5 Bh7 15.
Bd2 Bd6 16. Rc1 Ncb4 17. Qb3 Qb6 18. Bc4 a5 19. Bxb4 Nxb4 20. a3 a4 21. Qe3 Nc6
22. Qd2 Rfd8 23. Ne2 Ra5 24. Nc3 Rxh5 25. Nxa4 Qc7 26. Rfe1 Bf4 27. Qc3 Bxc1
28. Rxc1 Be4 0-1

[Event "XXIV MEMORIAL J. KOCHANA"]
[Site "Koszalin"]
[Date "2013.08.15"]
[Round "7.7"]
[White "Janik, Igor"]
[Black "Januszkiewicz, Wojciech"]
[Result "1-0"]
[WhiteElo "1953"]
[BlackElo "1841"]
[PlyCount "91"]
[EventDate "2013.??.??"]

1. e4 c5 2. Nf3 d6 3. d4 cxd4 4. Nxd4 Nf6 5. Nc3 a6 6. g3 e5 7. Nb3 Be6 8. Bg2
Be7 9. O-O O-O 10. Re1 Nbd7 11. Nd2 b5 12. Nf1 b4 13. Nd5 Nxd5 14. exd5 Bf5 15.
Bd2 a5 16. a3 Qb6 17. Ne3 Bg6 18. axb4 axb4 19. Rxa8 Rxa8 20. Qg4 Qc7 21. Bxb4
Rb8 22. Ba3 h5 23. Qe2 Rc8 24. Bh3 Ra8 25. Qc4 Qd8 26. Bf5 Rc8 27. Qd3 Bxf5 28.
Nxf5 Nf6 29. c4 Bf8 30. Ne3 Qb6 31. Rc1 e4 32. Qc3 Nd7 33. Qc2 Re8 34. Qa4 Qd8
35. Bb4 Ne5 36. Bc3 Nf3+ 37. Kg2 h4 38. Qc6 Qb8 39. Ra1 Rc8 40. Qd7 Rd8 41. Qg4
Qc8 42. Qxe4 h3+ 43. Kxf3 Re8 44. Qg4 f5 45. Nxf5 Kf7 46. Ra7+ 1-0

[Event "XXIV MEMORIAL J. KOCHANA"]
[Site "Koszalin"]
[Date "2013.08.15"]
[Round "7.8"]
[White "Czajkowski, Adam"]
[Black "Kwiatkowski, Marek"]
[Result "1-0"]
[WhiteElo "1933"]
[BlackElo "1434"]
[PlyCount "75"]
[EventDate "2013.??.??"]

1. e4 c5 2. Nf3 Nc6 3. Bb5 d6 4. O-O Bd7 5. Re1 e5 6. c3 a6 7. Bf1 Nf6 8. h3
Be7 9. d4 cxd4 10. cxd4 O-O 11. a4 Qb6 12. d5 Na7 13. Na3 Qb4 14. Nc4 b5 15.
Bd2 Qc5 16. Be3 Qc7 17. Nb6 Rab8 18. Nxd7 Qxd7 19. axb5 Nxb5 20. Rxa6 Nxe4 21.
Qa4 Nf6 22. Bb6 Nxd5 23. Bxb5 Nxb6 24. Rxb6 Qd8 25. Rxb8 Qxb8 26. b4 Qb7 27.
Bc6 Qb6 28. b5 Qc5 29. Ra1 h6 30. Qa3 Qc2 31. Rc1 Qe2 32. b6 f5 33. b7 e4 34.
Nd4 Qd2 35. Qe3 Qa5 36. Qb3+ Kh7 37. b8=Q Qd2 38. Qb2 1-0

[Event "XXIV MEMORIAL J. KOCHANA"]
[Site "Koszalin"]
[Date "2013.08.15"]
[Round "7.9"]
[White "Fronczak, Sebastian"]
[Black "Kucharski, Krzysztof"]
[Result "1/2-1/2"]
[WhiteElo "1859"]
[BlackElo "1864"]
[PlyCount "130"]
[EventDate "2013.??.??"]

1. e4 b6 2. d4 Bb7 3. Nc3 g6 4. f4 Bg7 5. Nf3 Nf6 6. Bd3 e6 7. Be3 Qe7 8. Qd2
d5 9. e5 Ng4 10. O-O-O Nxe3 11. Qxe3 a6 12. g4 Bh6 13. h4 c5 14. h5 c4 15. hxg6
hxg6 16. Be2 Nd7 17. Rh2 b5 18. Rdh1 Qf8 19. Nd1 b4 20. g5 Bg7 21. Rxh8 Bxh8
22. Kd2 Nb6 23. Ke1 Bc6 24. Kf2 Bg7 25. Nh2 Kd8 26. Ng4 Nc8 27. Nf6 Ne7 28. Bg4
Rb8 29. Kf3 Kc7 30. Qd2 Bxf6 31. gxf6 Nf5 32. Bxf5 exf5 33. Rh7 Bd7 34. Ne3 Be6
35. Qg2 Kc6 36. Kf2 b3 37. axb3 Qb4 38. Kf1 c3 39. bxc3 Qxc3 40. Qe2 Rb6 41.
Qf3 Rb4 42. Qe2 Kb6 43. Rh3 Qa1+ 44. Kg2 Qxd4 45. Rf3 Qe4 46. Qd1 d4 47. c3
Rxb3 48. Qxd4+ Qxd4 49. cxd4 Rd3 50. d5 Bxd5 51. Nxd5+ Rxd5 52. Rc3 Rd7 53. Rg3
a5 54. Rxg6 a4 55. Rg3 Kb5 56. Kh3 Kc5 57. Kh4 Kd4 58. Kg5 Ke4 59. Rg1 a3 60.
Re1+ Kf3 61. Kxf5 a2 62. Ra1 Ra7 63. Kg5 Ke4 64. Re1+ Kd5 65. Rd1+ Ke4 1/2-1/2

[Event "XXIV MEMORIAL J. KOCHANA"]
[Site "Koszalin"]
[Date "2013.08.15"]
[Round "7.10"]
[White "Ziemba, Artur"]
[Black "Brusilowicz, Przemyslaw"]
[Result "1/2-1/2"]
[WhiteElo "1667"]
[BlackElo "1954"]
[PlyCount "51"]
[EventDate "2013.??.??"]

1. d4 d5 2. c4 e6 3. Nc3 Nf6 4. Bg5 Be7 5. e3 Nbd7 6. Nf3 O-O 7. cxd5 exd5 8.
Rb1 c6 9. Bd3 h6 10. Bh4 a6 11. O-O Re8 12. Qc2 Nf8 13. b4 Ne4 14. Bxe7 Qxe7
15. a4 Ng6 16. b5 axb5 17. axb5 Bd7 18. bxc6 Bxc6 19. Rfc1 f5 20. Bb5 f4 21.
Bxc6 bxc6 22. Nxe4 dxe4 23. Ne5 Nxe5 24. dxe5 Qxe5 25. exf4 Qxf4 26. Qxc6
1/2-1/2

[Event "XXIV MEMORIAL J. KOCHANA"]
[Site "Koszalin"]
[Date "2013.08.15"]
[Round "7.11"]
[White "Lisinski, Henryk"]
[Black "Przerwa, Waldemar"]
[Result "1-0"]
[WhiteElo "1929"]
[BlackElo "1779"]
[PlyCount "77"]
[EventDate "2013.??.??"]

1. d4 Nf6 2. Nf3 g6 3. c4 Bg7 4. Nc3 O-O 5. e4 d6 6. Be2 c5 7. d5 e6 8. dxe6
Bxe6 9. O-O a6 10. Bf4 Ne8 11. e5 Nc6 12. exd6 Nd4 13. Ne4 Nxf3+ 14. gxf3 b6
15. Qd2 Ra7 16. Rad1 a5 17. Nc3 Nf6 18. Bg5 Qb8 19. Rfe1 Rd7 20. Nb5 Bf5 21.
Bf1 Kh8 22. Re7 Ng8 23. Rxd7 Bxd7 24. Be7 Rc8 25. Bg2 Nxe7 26. dxe7 Bxb5 27.
cxb5 Bf6 28. Qd7 Kg7 29. Re1 Re8 30. f4 Rxe7 31. Rxe7 Bxe7 32. Qxe7 Qxf4 33.
Qe3 Qa4 34. Qc3+ f6 35. Qe3 Qxb5 36. Qe7+ Kh6 37. Qxf6 Qb4 38. h4 a4 39. Qf8+
1-0

[Event "XXIV MEMORIAL J. KOCHANA"]
[Site "Koszalin"]
[Date "2013.08.15"]
[Round "7.13"]
[White "Smolenski, Filip"]
[Black "Lebiedowicz, Borys"]
[Result "1-0"]
[WhiteElo "1555"]
[BlackElo "1781"]
[PlyCount "87"]
[EventDate "2013.??.??"]

1. e4 e5 2. Nf3 Nc6 3. Bb5 a6 4. Ba4 Nf6 5. O-O b5 6. Bb3 Be7 7. c3 O-O 8. Re1
d6 9. d4 Bg4 10. d5 Nb8 11. Nbd2 Nbd7 12. Nf1 Nb6 13. Ng3 Qc8 14. Be3 c5 15. h3
Bd7 16. Rc1 a5 17. Nh4 Nxe4 18. Nxe4 Bxh4 19. Nxd6 Qc7 20. Ne4 c4 21. Bc2 f5
22. Qh5 Bf6 23. Nxf6+ Rxf6 24. Rcd1 Be8 25. Qh4 e4 26. Bd4 Rg6 27. Bxb6 Qxb6
28. Qe7 Rd8 29. Rd4 Bf7 30. Red1 Re8 31. Qd7 Qf6 32. R1d2 Qg5 33. g3 e3 34. Re2
exf2+ 35. Kf1 Rxe2 36. Kxe2 h6 37. Qxf5 Rf6 38. Qc8+ Be8 39. Qxe8+ Rf8 40. Bh7+
Kxh7 41. Qxf8 Qc1 42. Qxf2 Qxb2+ 43. Kf1 Qxc3 44. d6 1-0

[Event "XXIV MEMORIAL J. KOCHANA"]
[Site "Koszalin"]
[Date "2013.08.15"]
[Round "7.14"]
[White "Kozlowski, Konrad"]
[Black "Zimochocki, Roman"]
[Result "1/2-1/2"]
[WhiteElo "1515"]
[BlackElo "1775"]
[PlyCount "92"]
[EventDate "2013.??.??"]

1. e4 c6 2. c4 d5 3. exd5 cxd5 4. cxd5 Qxd5 5. Nc3 Qa5 6. Bc4 e6 7. Nf3 Nf6 8.
O-O Be7 9. d4 O-O 10. Re1 Rd8 11. Bd2 Qc7 12. Bb3 a6 13. Rc1 Nc6 14. Ne2 h6 15.
Ng3 Qd6 16. Bc3 Nd5 17. Ne5 Bd7 18. Ne4 Qb8 19. Bxd5 exd5 20. Ng3 Bg5 21. Rc2
Qd6 22. Rce2 Re8 23. Nxd7 Qxd7 24. Qd3 g6 25. Qf3 Kf8 26. Rxe8+ Rxe8 27. Rxe8+
Kxe8 28. Nf1 Qe6 29. Ne3 Bxe3 30. fxe3 Kf8 31. Qf4 g5 32. Qf3 Kg8 33. Be1 Ne7
34. g4 f5 35. h3 Kg7 36. Bg3 Kg6 37. Be5 Nc6 38. gxf5+ Qxf5 39. Qxd5 Nxe5 40.
dxe5 Qxh3 41. Qg8+ Kh5 42. Qf7+ Kh4 43. e6 Qg4+ 44. Kh1 Kh3 45. Qf1+ Kh4 46.
Qf2+ Kh5 1/2-1/2

[Event "XXIV MEMORIAL J. KOCHANA"]
[Site "Koszalin"]
[Date "2013.08.15"]
[Round "7.15"]
[White "Wolaniecki, Patryk"]
[Black "Smal, Tobiasz"]
[Result "0-1"]
[WhiteElo "1388"]
[BlackElo "1928"]
[PlyCount "116"]
[EventDate "2013.??.??"]

1. e4 e5 2. Nf3 Nc6 3. d4 exd4 4. Nxd4 Qh4 5. Nxc6 Qxe4+ 6. Qe2 Qxe2+ 7. Bxe2
dxc6 8. O-O Bf5 9. c3 O-O-O 10. Be3 b6 11. Nd2 Nf6 12. Rad1 Bc2 13. Rc1 Bd3 14.
Bxd3 Rxd3 15. Rfd1 Be7 16. Nf3 Rxd1+ 17. Rxd1 Kb7 18. Bg5 h6 19. Bh4 c5 20. Ne5
Rf8 21. f3 a5 22. c4 g5 23. Bf2 Bd6 24. Re1 Bxe5 25. Rxe5 Kc6 26. g4 Ne8 27.
Rd5 Nd6 28. b3 a4 29. Kg2 axb3 30. axb3 Ra8 31. Rd3 Ra3 32. Re3 Nb7 33. Re7
Rxb3 34. Rxf7 Rd3 35. Rh7 Rd6 36. Bg3 Rd2+ 37. Kh3 Nd6 38. Rxh6 b5 39. cxb5+
Kxb5 40. Rh7 Kc6 41. Re7 c4 42. Re1 c3 43. Rc1 c2 44. f4 Ne4 45. fxg5 Nxg5+ 46.
Kh4 Nf3+ 47. Kh5 Nd4 48. Bf4 Rf2 49. Bg3 Rd2 50. Bf4 Re2 51. h4 Nb3 52. Rf1 Re4
53. g5 Rxf4 54. Re1 Rd4 55. g6 Rd1 56. g7 Rxe1 57. g8=Q c1=Q 58. Qxb3 Qd1+ 0-1

[Event "XXIV MEMORIAL J. KOCHANA"]
[Site "Koszalin"]
[Date "2013.08.15"]
[Round "7.16"]
[White "Koszowski, Krystian"]
[Black "Trzeciakiewicz, Michal"]
[Result "1-0"]
[WhiteElo "1721"]
[BlackElo "1543"]
[PlyCount "101"]
[EventDate "2013.??.??"]

1. e4 e5 2. Nf3 Nc6 3. Bc4 Bc5 4. d4 exd4 5. c3 Nf6 6. cxd4 Bb4+ 7. Bd2 Nxe4 8.
Bxb4 Nxb4 9. Bxf7+ Kxf7 10. Qb3+ d5 11. Ne5+ Ke8 12. Qxb4 Rf8 13. O-O Qf6 14.
f3 Nd6 15. Qa4+ c6 16. Nc3 Be6 17. Nxc6 Kf7 18. Ne5+ Kg8 19. Qb4 Nf5 20. Rae1
Rae8 21. Nb5 Rc8 22. Nd6 Rc2 23. Nxf5 Bxf5 24. Qxb7 Rd8 25. Qb5 h5 26. Re2 Kh7
27. Rxc2 Bxc2 28. Rc1 Qf4 29. Rxc2 Qxd4+ 30. Rf2 Qxe5 31. Qd3+ Kg8 32. Re2 Qc7
33. g3 d4 34. Kg2 Qd6 35. Rd2 Kh8 36. Qf5 g6 37. Qg5 Re8 38. Qf4 Qb6 39. Qxd4+
Qxd4 40. Rxd4 Re2+ 41. Kh3 Rxb2 42. Rd8+ Kh7 43. Rd7+ Kh6 44. Rxa7 g5 45. Ra6+
Kh7 46. a4 Rf2 47. Ra7+ Kg6 48. Ra6+ Kf5 49. g4+ hxg4+ 50. fxg4+ Kf4 51. Rf6+
1-0

[Event "XXIV MEMORIAL J. KOCHANA"]
[Site "Koszalin"]
[Date "2013.08.15"]
[Round "7.17"]
[White "Lanica, Lukasz"]
[Black "Oglaza, Oskar"]
[Result "0-1"]
[WhiteElo "1691"]
[BlackElo "1512"]
[PlyCount "132"]
[EventDate "2013.??.??"]

1. e4 c5 2. Nf3 d6 3. d4 cxd4 4. Nxd4 Nf6 5. Nc3 a6 6. Bc4 b5 7. Bb3 Bb7 8. O-O
e6 9. Re1 Be7 10. Qf3 O-O 11. a3 Nbd7 12. Qg3 Nc5 13. Bh6 Ne8 14. Ba2 Bf6 15.
Rad1 Bxd4 16. Rxd4 Qf6 17. Be3 Qe7 18. Red1 e5 19. Rb4 Kh8 20. f3 Nc7 21. Nd5
Bxd5 22. Bxd5 Rab8 23. Bxc5 dxc5 24. Rb3 Rfd8 25. Rbd3 c4 26. R3d2 f6 27. Qf2
Na8 28. b3 Nb6 29. Bc6 Rxd2 30. Qxd2 Qc5+ 31. Kh1 Qxc6 32. b4 h6 33. g4 c3 34.
Qd3 Rc8 35. h4 Qc4 36. Qe3 Na4 37. Kg2 Qa2 38. Qc1 Qb2 39. Kg3 Qxc1 40. Rxc1
Rd8 41. g5 fxg5 42. hxg5 Nb6 43. Kg4 Nc4 44. g6 Ne3+ 45. Kg3 Rd6 46. f4 Rxg6+
47. Kf3 Nc4 48. fxe5 Nxe5+ 49. Ke3 Nc4+ 50. Kd4 Rd6+ 51. Kc5 Re6 52. Kd5 Re5+
53. Kd4 Re8 54. a4 Nd2 55. e5 Nf3+ 56. Kxc3 Rxe5 57. axb5 axb5 58. Kd3 Re8 59.
Rf1 Ne5+ 60. Kd4 Nc4 61. Kc5 Re5+ 62. Kc6 g5 63. Rf8+ Kg7 64. Rb8 Na3 65. Kd6
Re4 66. c3 Rc4 0-1

[Event "XXIV MEMORIAL J. KOCHANA"]
[Site "Koszalin"]
[Date "2013.08.15"]
[Round "7.18"]
[White "Kubiak, Jakub"]
[Black "Kupiak, Sylwester"]
[Result "1-0"]
[WhiteElo "1531"]
[BlackElo "1662"]
[PlyCount "117"]
[EventDate "2013.??.??"]

1. e4 d5 2. exd5 Qxd5 3. Nc3 Qa5 4. d4 Nf6 5. Bc4 Bg4 6. f3 Bf5 7. Bd2 Qb6 8.
Nge2 e6 9. a3 Bd6 10. O-O c6 11. Kh1 Qc7 12. g3 h5 13. Bf4 Nbd7 14. Bxd6 Qxd6
15. Bd3 Bh3 16. Rf2 g5 17. Ng1 Qxd4 18. Nxh3 g4 19. fxg4 hxg4 20. Rf4 Qe3 21.
Ng1 Qxg3 22. Qd2 O-O-O 23. Qf2 Qxf2 24. Rxf2 g3 25. Rg2 Ng4 26. Nf3 Nxh2 27.
Nxh2 Rdg8 28. Rag1 Rh3 29. Ne2 Rgh8 30. Nxg3 Ne5 31. Be2 Kc7 32. Ngf1 Kb6 33.
Rg3 R3h4 34. R1g2 f5 35. Re3 Ng4 36. Bxg4 fxg4 37. Rxe6 Rf8 38. Kg1 Rh5 39.
Rxg4 Rf7 40. Re3 a6 41. Nf3 Rhf5 42. N1h2 Ka7 43. Kf2 Rh7 44. Ke2 Rc5 45. Kd2
Rf5 46. Rge4 Rff7 47. Ng4 Rhg7 48. Nfe5 Rc7 49. Rf4 Rce7 50. Ref3 Rg8 51. Rf7
Rd8+ 52. Kc3 Re6 53. Rc7 Rd5 54. Rff7 Rc5+ 55. Kb3 Rb5+ 56. Ka2 Rb6 57. Rf6
Rxf6 58. Nxf6 Kb8 59. Rg7 1-0

[Event "XXIV MEMORIAL J. KOCHANA"]
[Site "Koszalin"]
[Date "2013.08.15"]
[Round "7.19"]
[White "Luczak, Filip"]
[Black "Dabrowski, Damian"]
[Result "0-1"]
[WhiteElo "1360"]
[BlackElo "1593"]
[PlyCount "70"]
[EventDate "2013.??.??"]

1. d4 Nf6 2. c4 c5 3. d5 b5 4. Bf4 d6 5. f3 b4 6. e4 g6 7. Qd2 Bg7 8. Bh6 O-O
9. Bxg7 Kxg7 10. Bd3 Nbd7 11. f4 a5 12. Nf3 Qc7 13. Qe2 a4 14. e5 dxe5 15. fxe5
Ng4 16. e6 fxe6 17. dxe6 Nde5 18. Be4 Ra6 19. h3 Nxf3+ 20. gxf3 Nf6 21. Bd5
Nxd5 22. cxd5 Qg3+ 23. Kd1 Qxf3 24. Qxf3 Rxf3 25. Ke2 Rf5 26. Rd1 Rd6 27. a3
Ba6+ 28. Ke3 Bb5 29. axb4 cxb4 30. Rd4 Rfxd5 31. Rxb4 Rxe6+ 32. Kf2 Rf5+ 33.
Kg3 Re3+ 34. Kh2 Re2+ 35. Kg3 Bc6 0-1

[Event "XXIV MEMORIAL J. KOCHANA"]
[Site "Koszalin"]
[Date "2013.08.15"]
[Round "7.20"]
[White "Grzesik, Gracjan"]
[Black "Tymrakiewicz, Marcin"]
[Result "1/2-1/2"]
[WhiteElo "1446"]
[BlackElo "1936"]
[PlyCount "44"]
[EventDate "2013.??.??"]

1. c4 b6 2. g3 Bb7 3. Nf3 c5 4. Bg2 Nf6 5. d3 d6 6. Nc3 e6 7. Bd2 Be7 8. e3
Nbd7 9. Qc2 a6 10. O-O Qc7 11. a3 O-O 12. b4 d5 13. cxd5 exd5 14. Qb3 c4 15.
dxc4 dxc4 16. Qc2 b5 17. e4 Rfe8 18. Rfe1 Bd6 19. Re2 Ng4 20. h3 Nge5 21. Nxe5
Nxe5 22. f4 Nc6 1/2-1/2

[Event "XXIV MEMORIAL J. KOCHANA"]
[Site "Koszalin"]
[Date "2013.08.15"]
[Round "7.21"]
[White "Bartoszewicz, Marcin"]
[Black "Trembowiecka-Wysota, Aleksandra"]
[Result "1-0"]
[WhiteElo "1878"]
[BlackElo "1404"]
[PlyCount "77"]
[EventDate "2013.??.??"]

1. e4 c5 2. Nf3 d6 3. d4 cxd4 4. Nxd4 Nf6 5. Nc3 a6 6. Bg5 Nbd7 7. f4 Qc7 8.
Qf3 b5 9. O-O-O Bb7 10. a3 e6 11. Bd3 Be7 12. Rhe1 O-O 13. Qh3 Nc5 14. Kb1 Nxd3
15. Rxd3 Qc4 16. e5 dxe5 17. fxe5 Nd5 18. Nxd5 Bxg5 19. Nb6 Qc5 20. Nxa8 Rxa8
21. Qh5 h6 22. Qg4 Bd5 23. b3 Qxa3 24. h4 Be7 25. Rf1 Qb4 26. Rg3 Bf8 27. Qf4
Ra7 28. Ne2 Qa3 29. Qc1 Qb4 30. Nf4 Be4 31. Qe1 Qd4 32. Qe3 Qxe3 33. Rxe3 Bf5
34. Rc3 Rd7 35. Rc8 Rd4 36. g3 Re4 37. Rd1 g5 38. Nh5 Bg4 39. Nf6+ 1-0

[Event "XXIV MEMORIAL J. KOCHANA"]
[Site "Koszalin"]
[Date "2013.08.15"]
[Round "7.22"]
[White "Leszczewska, Edyta"]
[Black "Ziobrowska, Danuta"]
[Result "1-0"]
[WhiteElo "1382"]
[BlackElo "1595"]
[PlyCount "133"]
[EventDate "2013.??.??"]

1. e4 c6 2. d4 d5 3. exd5 cxd5 4. Nf3 Bg4 5. Nc3 a6 6. Be2 e6 7. Bf4 Bb4 8. O-O
Nf6 9. Ne5 Bxe2 10. Qxe2 Nc6 11. Qe3 O-O 12. a3 Bxc3 13. bxc3 Rc8 14. Nxc6 Rxc6
15. a4 Qa5 16. Rfb1 b6 17. Qe1 Rfc8 18. f3 Rc4 19. Bd2 Nd7 20. Qc1 e5 21. Rb4
exd4 22. Rxc4 dxc4 23. cxd4 c3 24. Be1 Qb4 25. Qe3 h6 26. Qd3 b5 27. axb5 axb5
28. Ra7 Nf6 29. Rb7 Qb1 30. Kf2 b4 31. Bxc3 g6 32. Rxb4 Qa2 33. Rb2 Qa7 34. Bd2
Nd5 35. c4 Ne7 36. c5 Rd8 37. Bxh6 Qxc5 38. dxc5 Rxd3 39. Rc2 Nc6 40. Bf4 Kf8
41. Re2 Rc3 42. Bd6+ Kg7 43. Re8 f6 44. Rc8 Nd4 45. Rc7+ Kg8 46. Be7 Kf7 47.
Bd8+ Ke6 48. Re7+ Kf5 49. Rf7 Rxc5 50. Rxf6+ Ke5 51. Rxg6 Rc2+ 52. Ke3 Ne6 53.
Rg8 Rc3+ 54. Kd2 Rc4 55. h4 Rd4+ 56. Ke3 Rxd8 57. Rxd8 Nxd8 58. g4 Nf7 59. f4+
Kf6 60. Ke4 Nd6+ 61. Kd5 Nf7 62. h5 Kg7 63. g5 Nh8 64. Ke6 Nf7 65. Ke7 Nh8 66.
f5 Kg8 67. g6 1-0

[Event "XXIV MEMORIAL J. KOCHANA"]
[Site "Koszalin"]
[Date "2013.08.15"]
[Round "7.24"]
[White "Kedziera, Izydor"]
[Black "Zukowska, Aleksandra"]
[Result "1-0"]
[WhiteElo "1512"]
[BlackElo "1345"]
[PlyCount "63"]
[EventDate "2013.??.??"]

1. e4 c5 2. Bc4 e6 3. Nf3 Nc6 4. a3 d6 5. d3 Nf6 6. Bg5 g6 7. Nc3 Bg7 8. Qd2
O-O 9. Bh6 d5 10. Bxg7 Kxg7 11. Bb3 a6 12. h3 d4 13. Ne2 e5 14. g4 Qd6 15. Ng3
b5 16. Qg5 h6 17. Qd2 Nh7 18. Bd5 Bd7 19. Nh4 Be6 20. Rg1 Ng5 21. Ngf5+ gxf5
22. gxf5 Bxd5 23. Rxg5+ hxg5 24. Qxg5+ Kh7 25. f6 Qxf6 26. Qxf6 Be6 27. Nf5
Bxf5 28. exf5 Nb8 29. Qh4+ Kg7 30. Qg5+ Kh7 31. f6 Rg8 32. Qh5# 1-0

[Event "XXIV MEMORIAL J. KOCHANA"]
[Site "Koszalin"]
[Date "2013.08.15"]
[Round "7.25"]
[White "Krzywnicka, Maria"]
[Black "Sowinski, Ryszard"]
[Result "0-1"]
[WhiteElo "1372"]
[BlackElo "1560"]
[PlyCount "46"]
[EventDate "2013.??.??"]

1. e4 d6 2. d4 Nf6 3. Nc3 g6 4. Be3 Bg7 5. f3 c6 6. Qd2 O-O 7. O-O-O b5 8. Nb1
Be6 9. a3 a5 10. c3 Qc7 11. g4 Na6 12. Bd3 Rfb8 13. g5 Nh5 14. f4 c5 15. Be2
cxd4 16. Bxd4 Bxd4 17. Qxd4 Nxf4 18. h4 Nc5 19. Nd2 b4 20. c4 bxa3 21. bxa3 Qb6
22. h5 Ncd3+ 23. Bxd3 Qxd4 0-1

[Event "XXIV MEMORIAL J. KOCHANA"]
[Site "Koszalin"]
[Date "2013.08.15"]
[Round "7.26"]
[White "Leszczewska, Aneta"]
[Black "Stefanoff, Zdzislaw"]
[Result "0-1"]
[WhiteElo "1115"]
[BlackElo "1512"]
[PlyCount "154"]
[EventDate "2013.??.??"]

1. e4 c6 2. Bc4 d5 3. exd5 cxd5 4. Bb5+ Nc6 5. d4 a6 6. Ba4 Bd7 7. Nf3 Nf6 8.
Bb3 h6 9. h3 e6 10. c4 Bb4+ 11. Nc3 Ne4 12. Bd2 Nxd2 13. Nxd2 Ne7 14. O-O O-O
15. a3 Ba5 16. cxd5 Bxc3 17. bxc3 exd5 18. c4 Bc6 19. cxd5 Nxd5 20. Nf3 Nc3 21.
Qd3 Ne4 22. Nd2 Nd6 23. Bc2 g6 24. Qg3 Qf6 25. Qe3 Kg7 26. Nf3 Bxf3 27. gxf3
Rfe8 28. Qd3 Nf5 29. d5 Nh4 30. f4 Rad8 31. Kh1 Qxf4 32. Qc3+ Kg8 33. Qg3 Qf3+
34. Qxf3 Nxf3 35. Rad1 Ng5 36. f4 Nh7 37. Rg1 Re2 38. Bb3 Re3 39. Rb1 Rxh3+ 40.
Kg2 Rd3 41. Kh2 Rd2+ 42. Kh1 Kf8 43. a4 Nf6 44. Bc4 Rd7 45. Rb6 Nxd5 46. Bxd5
R2xd5 47. Kh2 Rd4 48. f5 Rd2+ 49. Kh1 R2d6 50. Rxd6 Rxd6 51. fxg6 Rxg6 52. Rb1
b6 53. Kh2 Ke7 54. Kh3 Kd7 55. a5 Kc7 56. axb6+ Rxb6 57. Rf1 f6 58. Kh4 Kd7 59.
Kh5 Ke7 60. Kxh6 Kf7 61. Kh5 Rb5+ 62. Kg4 a5 63. Ra1 Ke6 64. Kf4 Rb4+ 65. Ke3
a4 66. Kd3 f5 67. Kc3 Re4 68. Rf1 Ke5 69. Kb2 f4 70. Kc3 Re3+ 71. Kb4 a3 72.
Kc4 Ke4 73. Kb4 f3 74. Ka4 Kf4 75. Ra1 f2 76. Rxa3 Rxa3+ 77. Kxa3 f1=Q 0-1

[Event "XXIV MEMORIAL J. KOCHANA"]
[Site "Koszalin"]
[Date "2013.08.15"]
[Round "7.27"]
[White "Turzynska, Grazyna"]
[Black "Bilczewska, Olga"]
[Result "0-1"]
[WhiteElo "1487"]
[BlackElo "1223"]
[PlyCount "46"]
[EventDate "2013.??.??"]

1. e4 c5 2. c3 e5 3. Nf3 Nc6 4. d4 cxd4 5. cxd4 exd4 6. Nxd4 Nf6 7. f3 Bb4+ 8.
Nc3 d5 9. Nxc6 bxc6 10. exd5 Nxd5 11. Bd2 Nxc3 12. bxc3 Bc5 13. Qa4 Qd6 14. Rd1
Qe6+ 15. Be2 O-O 16. Kf1 Bb7 17. h4 Rad8 18. Bc4 Qd6 19. h5 Rfe8 20. Qb3 Re7
21. Rh4 Qg3 22. Be1 Rxe1+ 23. Rxe1 Qf2# 0-1

[Event "XXIV MEMORIAL J. KOCHANA"]
[Site "Koszalin"]
[Date "2013.08.15"]
[Round "7.28"]
[White "Wasilewski, Leszek"]
[Black "Cwirko, Mateusz"]
[Result "0-1"]
[WhiteElo "1337"]
[BlackElo "1420"]
[PlyCount "59"]
[EventDate "2013.??.??"]

1. d4 Nf6 2. c4 e6 3. Nc3 Bb4 4. Qc2 O-O 5. e3 b6 6. Bd3 Bb7 7. Bd2 Bxg2 8. Ne4
Bxd2+ 9. Kxd2 Bxh1 10. Nxf6+ Qxf6 11. Be4 Qxf2+ 12. Ne2 Bxe4 13. Qxe4 Nc6 14.
Rg1 Qf5 15. Qg2 g6 16. a3 Na5 17. Kc3 c5 18. Ng3 cxd4+ 19. exd4 Qg5 20. Qf2 Qe7
21. Ne4 f5 22. Ng5 Rac8 23. Nf3 Rxc4+ 24. Kd3 d6 25. Nh4 Qf6 26. Qf4 e5 27. Qh6
Rxd4+ 28. Ke2 Rxh4 29. Qg5 Qxg5 30. Rxg5 0-1

[Event "XXIV MEMORIAL J. KOCHANA"]
[Site "Koszalin"]
[Date "2013.08.15"]
[Round "7.29"]
[White "Los, Kazimierz"]
[Black "Popiolek, Henryk"]
[Result "1-0"]
[WhiteElo "1388"]
[BlackElo "1332"]
[PlyCount "29"]
[EventDate "2013.??.??"]

1. Nf3 Nf6 2. g3 e6 3. d4 d5 4. Bg2 Nbd7 5. Nbd2 a6 6. c4 dxc4 7. Nxc4 b5 8.
Nce5 h6 9. Nc6 Bb4+ 10. Kf1 O-O 11. Nxd8 Rxd8 12. Qc2 Ba5 13. Ne5 Nd5 14. Bxd5
exd5 15. Nc6 1-0

[Event "XXIV MEMORIAL J. KOCHANA"]
[Site "Koszalin"]
[Date "2013.08.16"]
[Round "8.1"]
[White "Dobrowolski, Piotr"]
[Black "Malaniuk, Vladimir P"]
[Result "1/2-1/2"]
[WhiteElo "2423"]
[BlackElo "2529"]
[PlyCount "28"]
[EventDate "2013.??.??"]

1. d4 f5 2. Nf3 Nf6 3. g3 g6 4. Bg2 Bg7 5. O-O O-O 6. b4 c6 7. c4 Ne4 8. Qb3 a5
9. b5 a4 10. Qd3 d5 11. cxd5 Qxd5 12. Nc3 Nxc3 13. Qxc3 Qxb5 14. Ba3 Bf6
1/2-1/2

[Event "XXIV MEMORIAL J. KOCHANA"]
[Site "Koszalin"]
[Date "2013.08.16"]
[Round "8.2"]
[White "Piotrowski, Pawel"]
[Black "Karwowski, Kacper"]
[Result "0-1"]
[WhiteElo "1959"]
[BlackElo "1904"]
[PlyCount "94"]
[EventDate "2013.??.??"]

1. d4 Nf6 2. c4 e6 3. g3 c5 4. d5 exd5 5. cxd5 b5 6. a4 Bb7 7. Bg2 a6 8. Nh3 d6
9. axb5 axb5 10. Rxa8 Bxa8 11. O-O g6 12. Na3 Qd7 13. Qb3 b4 14. e4 Bg7 15. Nc4
O-O 16. Bf4 Nxe4 17. Bxe4 Qxh3 18. Nb6 Nd7 19. Nxa8 Rxa8 20. Bxd6 Bd4 21. Bf4
Re8 22. Bg2 Qf5 23. Be3 Qe5 24. Bxd4 Qxd4 25. Rd1 Qf6 26. Qc2 Qd6 27. h3 h5 28.
Qd2 c4 29. Qd4 Rc8 30. Rc1 Qc5 31. Qf4 c3 32. bxc3 bxc3 33. h4 Qa3 34. Be4 Rc4
35. Rc2 Qe7 36. f3 f5 37. Qh6 fxe4 38. Qxg6+ Qg7 39. Qxh5 Rb4 40. Kh2 Rb2 41.
Qe8+ Nf8 42. Qxe4 Qg6 43. Qe5 Rxc2+ 44. Kh3 Rc1 45. h5 Qxh5+ 46. Qxh5 Rh1+ 47.
Kg4 Rxh5 0-1

[Event "XXIV MEMORIAL J. KOCHANA"]
[Site "Koszalin"]
[Date "2013.08.16"]
[Round "8.3"]
[White "Sieciechowicz, Marcin"]
[Black "Czajkowski, Adam"]
[Result "1-0"]
[WhiteElo "2458"]
[BlackElo "1933"]
[PlyCount "69"]
[EventDate "2013.??.??"]

1. d4 Nf6 2. c4 c5 3. d5 e5 4. Nc3 d6 5. g3 Nbd7 6. Bg2 Be7 7. Nf3 O-O 8. O-O
Ne8 9. e4 g6 10. Bh6 Ng7 11. Qd2 Nf6 12. h3 Kh8 13. Ne1 Ng8 14. Be3 f5 15. Nd3
Nf6 16. exf5 gxf5 17. Rad1 Rg8 18. Bg5 Ngh5 19. Bh4 f4 20. Nxe5 dxe5 21. d6 Bf8
22. Qe2 Qe8 23. Nb5 e4 24. Nc7 f3 25. Bxf3 exf3 26. Qxe8 Nxe8 27. Nxa8 Nxd6 28.
Rfe1 Bxh3 29. Re5 Bg4 30. Rdd5 Nf7 31. Rxh5 Bxh5 32. Rxh5 Bg7 33. Nc7 b6 34. b3
Be5 35. Rxe5 1-0

[Event "XXIV MEMORIAL J. KOCHANA"]
[Site "Koszalin"]
[Date "2013.08.16"]
[Round "8.4"]
[White "Voloshin, Leonid"]
[Black "Wacior, Maciej"]
[Result "1-0"]
[WhiteElo "2420"]
[BlackElo "1797"]
[PlyCount "63"]
[EventDate "2013.??.??"]

1. Nf3 Nf6 2. g3 g6 3. Bg2 Bg7 4. c4 c6 5. O-O d5 6. Qc2 O-O 7. d3 Bg4 8. h3
Bxf3 9. exf3 Nbd7 10. f4 e5 11. Nc3 exf4 12. Bxf4 Nb6 13. c5 Nbd7 14. d4 Nh5
15. Bd6 Re8 16. g4 Nhf6 17. Rad1 Bf8 18. Bg3 b6 19. b4 a5 20. b5 Qc8 21. g5 Ne4
22. Nxe4 dxe4 23. Bxe4 cxb5 24. Bxa8 Qxa8 25. c6 Rc8 26. Rc1 Nb8 27. d5 Bc5 28.
Qb2 Qa7 29. Rxc5 bxc5 30. Qf6 Qa6 31. Be5 Kf8 32. d6 1-0